000 00394nam a22001337a 4500
008 140327b xxu||||| |||| 00| 0 eng d
050 _aSPC QL336.M9
100 _aMyers, Norman
_99530
245 _aThe Lone African Day
_cNorman Myers
260 _aLondon
_bCollier-Macmillan Ltd.
_c1972
300 _a404p. ;
_c29cm.
650 _aZoology
_xEcology
_zAfrica, East
_99531
942 _2lcc
_cREFERENCE
999 _c120306
_d120306